[Event "14th Philadelphia Int"]
[Site "Philadelphia USA"]
[Date "2021.06.27"]
[Round "4.2"]
[White "11.1 Cordova, E."]
[Black "Repka, C."]
[Result "0-1"]
[WhiteElo "2590"]
[BlackElo "2496"]
[Annotator "Hansen"]
[PlyCount "48"]
[EventDate "2021.06.26"]
[EventType "swiss"]
[EventRounds "9"]
[EventCountry "USA"]
[SourceTitle "CL 11.2021"]
[SourceDate "2021.11.01"]
[SourceVersion "1"]
[SourceVersionDate "2021.11.01"]
[SourceQuality "1"]

{[%evp 0,48,23,23,18,5,27,-11,0,6,22,5,-17,14,23,13,30,5,-14,-45,-52,-62,-68,
-61,-80,-69,-60,-60,-60,-82,-86,-49,-111,-132,-103,-139,-101,-98,-124,-89,-82,
-127,-128,-128,-159,-159,-196,-495,-497,-805,-849]} 1. Nf3 d5 2. e3 Nf6 3. c4
e6 4. Nc3 Bd6 5. b3 O-O 6. Bb2 Re8 7. Qc2 c5 8. cxd5 exd5 9. Bb5 Nc6 10. Na4
Bd7 11. Bxc6 Bxc6 12. Nxc5 Rc8 13. d4 b6 14. Nd3 Bb5 15. Qd1 Qd7 16. a4 Ba6 17.
b4 Bxd3 18. Qxd3 Bxb4+ 19. Ke2 Qg4 20. g3 Ne4 21. h3 Qf5 22. Rac1 h5 23. Rxc8
Rxc8 24. Rd1 {[#]} Rc2+ {Several moves win but this check is the most path.
White resigned as after} (24... Rc2+ 25. Qxc2 Nxg3+ {, Black decisively wins
material.}) 0-1

[Event "49th Annual World Open"]
[Site "Philadelphia USA"]
[Date "2021.07.03"]
[Round "5"]
[White "11.2 Chandran, Kapil"]
[Black "Andriasian, Z."]
[Result "0-1"]
[WhiteElo "2383"]
[BlackElo "2581"]
[Annotator "Hansen"]
[PlyCount "58"]
[EventDate "2021.07.01"]
[EventType "swiss"]
[EventRounds "9"]
[EventCountry "USA"]
[SourceTitle "CL 11.2021"]
[SourceDate "2021.11.01"]
[SourceVersion "1"]
[SourceVersionDate "2021.11.01"]
[SourceQuality "1"]

{[%evp 0,58,17,29,42,50,76,57,57,29,26,28,57,29,83,25,20,19,7,7,7,1,7,25,9,25,
67,-56,-29,-17,14,3,3,-2,-29,0,0,0,31,31,-30,-50,-19,-26,-41,-69,-69,-69,-70,
-70,-38,-74,0,-25,-61,-330,-331,-639,-648,-623,-629]} 1. e4 c5 2. Nf3 d6 3. d4
cxd4 4. Nxd4 Nf6 5. Nc3 a6 6. h3 g6 7. g4 Bg7 8. Bg2 O-O 9. Be3 Nc6 10. Qd2 Bd7
11. O-O-O Rc8 12. f4 b5 13. Nd5 Nxd5 14. exd5 Nxd4 15. Bxd4 Bxd4 16. Qxd4 Qa5
17. Kb1 Rc4 18. Qe3 Ra4 19. a3 b4 20. Rd4 Rb8 21. Qb3 Rb6 22. Ka2 bxa3 23. Rxa4
Bxa4 24. Qxa3 Rb5 25. Kb1 Qb6 26. Be4 Rb4 27. Re1 {[#]} Rxe4 $1 28. Rxe4 Qg1+ {
The point: the back rank is cleared to attack the king.} 29. Ka2 Bxc2 {
Threatening mate on b1 as well as the rook on e4. White resigned on account of}
(29... Bxc2 30. Qe3 Qb1+ 31. Ka3 Bxe4 {, winning the rook.}) 0-1

[Event "49th Annual World Open"]
[Site "Philadelphia USA"]
[Date "2021.07.03"]
[Round "4"]
[White "11.3 Park, Evan"]
[Black "Cordova, E."]
[Result "0-1"]
[WhiteElo "2274"]
[BlackElo "2581"]
[Annotator "Hansen"]
[PlyCount "60"]
[EventDate "2021.07.01"]
[EventType "swiss"]
[EventRounds "9"]
[EventCountry "USA"]
[SourceTitle "CL 11.2021"]
[SourceDate "2021.11.01"]
[SourceVersion "1"]
[SourceVersionDate "2021.11.01"]
[SourceQuality "1"]

{[%evp 0,60,25,21,56,47,47,34,27,27,21,40,29,46,43,19,58,43,48,49,49,24,30,30,
38,20,23,28,45,19,29,55,28,54,54,55,55,47,64,36,39,39,52,18,15,5,-17,-324,-342,
-367,-362,-362,-377,-654,-752,-801,-801,-809,-593,-811,-828,-845,-845]} 1. e4
c5 2. Nf3 Nc6 3. d4 cxd4 4. Nxd4 Nf6 5. Nc3 d6 6. Bg5 Bd7 7. Qd2 Rc8 8. O-O-O
Nxd4 9. Qxd4 Qa5 10. f4 h6 11. Bxf6 gxf6 12. g3 Qc5 13. Qd3 f5 14. e5 Bg7 15.
Bh3 O-O 16. Rhe1 Rfd8 17. Bxf5 Bxf5 18. Qxf5 dxe5 19. Rxd8+ Rxd8 20. fxe5 e6
21. Qf4 b5 22. Nd1 b4 23. Nf2 {[#]} b3 $1 24. c3 ({The only move to continue
the game. If} 24. axb3 {then} Qa5 {creates the dual threat of ...Qa1# and ...
Qxe1#. After} 25. Nd3 Rxd3 {, it is curtains for White.}) 24... bxa2 {The
passed pawn on a2 provides Black with a decisive advantage but White fights on
for a few more moves.} 25. Kc2 Qb5 26. Ng4 $2 ({Or} 26. Qe4 Rb8 27. Qb4 a1=Q {
28.Rxa1 Qe2+, winning material.}) 26... Qd3+ 27. Kb3 Qb1 28. Nf6+ Bxf6 29. exf6
a1=N+ {Another knight promotion!} 30. Ka3 Nc2+ {White resigned as after 31.Kb3
Nxe1 32.Qg4+, Black has 32...Qg6, ending the fun.} 0-1

[Event "49th Annual World Open"]
[Site "Philadelphia USA"]
[Date "2021.07.04"]
[Round "7"]
[White "11.4 Salinas Herrera, P."]
[Black "Yip, Carissa"]
[Result "1-0"]
[WhiteElo "2514"]
[BlackElo "2430"]
[Annotator "Hansen"]
[PlyCount "75"]
[EventDate "2021.07.01"]
[EventType "swiss"]
[EventRounds "9"]
[EventCountry "USA"]
[SourceTitle "CL 11.2021"]
[SourceDate "2021.11.01"]
[SourceVersion "1"]
[SourceVersionDate "2021.11.01"]
[SourceQuality "1"]

{[%evp 0,75,25,25,25,25,51,2,-6,9,12,-13,-1,-26,19,13,64,64,79,79,112,118,111,
112,110,108,117,32,32,17,5,7,7,19,30,41,37,55,58,61,78,38,39,3,60,24,80,14,15,
13,112,101,106,128,133,129,124,124,124,114,118,117,334,309,247,247,260,260,360,
372,382,432,495,543,550,555,560,554]} 1. d4 Nf6 2. Nf3 g6 3. Nbd2 d5 4. e3 Bg7
5. b4 O-O 6. c4 b6 7. Bb2 c5 8. dxc5 bxc5 9. bxc5 Qa5 10. cxd5 Nxd5 11. Bxg7
Kxg7 12. Rc1 Rd8 13. Qb3 Nc6 14. Qb2+ Kg8 15. Bc4 Rb8 16. Qa1 Nf6 17. Rc3 Bg4
18. O-O Bxf3 19. Nxf3 Ne4 20. Rcc1 e6 21. h4 h5 22. Bb3 Nxc5 23. Qf6 Nd7 24.
Qf4 Nde5 25. Ng5 Rf8 26. Ne4 Rb4 27. Nf6+ Kg7 {[#]} 28. Nxh5+ $1 gxh5 29. Qg5+
Ng6 ({Black decides to hand back the piece immediately as} 29... Kh7 {loses
after} 30. Qxh5+ Kg7 31. Qg5+ Kh7 32. f4 ({but not the immediate} 32. Bc2+ $4 {
when} f5 {would have been fine for Black}) 32... f6 33. Bc2+ f5 34. Bb3 {
and White wins back the piece while Black's king position is a wreck.}) 30.
Rxc6 Qa3 ({A better chance was} 30... Qxg5 31. hxg5 Rg4 (31... Nh4 32. f4 {
wins for White}) 32. Rc5 Nh4 {and now White should find} 33. Kh2 $1 {, winning
the game.}) 31. Bxe6 {White has won two pawns. The rest is unnecessary.} Rb6
32. Rxb6 axb6 33. Bb3 f6 34. Qxh5 Rh8 35. Qd5 Rxh4 36. Qg8+ Kh6 37. Bc2 Rg4 38.
Bxg6 {and Black finally resigned.} 1-0

[Event "14th Philadelphia Int"]
[Site "Philadelphia USA"]
[Date "2021.06.27"]
[Round "4"]
[White "11.5 Paragua, M."]
[Black "Andersen, Gunnar"]
[Result "1-0"]
[WhiteElo "2529"]
[BlackElo "2194"]
[Annotator "Hansen"]
[PlyCount "77"]
[EventDate "2021.06.26"]
[EventType "swiss"]
[EventRounds "9"]
[EventCountry "USA"]
[SourceTitle "CL 11.2021"]
[SourceDate "2021.11.01"]
[SourceVersion "1"]
[SourceVersionDate "2021.11.01"]
[SourceQuality "1"]

{[%evp 0,77,28,28,28,-12,-1,12,45,-3,42,13,35,40,25,-18,-17,-17,-5,-21,-7,12,
-28,-6,-10,-21,-24,-45,-7,-26,-39,-35,-36,-82,-58,-74,-80,-67,-38,-17,-26,-37,
-22,-73,-30,-78,-53,-54,-79,-78,-63,-96,-19,-31,-6,-23,56,46,58,22,80,124,124,
124,130,184,220,207,226,183,482,482,482,408,435,435,435,443,462,500]} 1. d4 Nf6
2. Bg5 Ne4 3. Bf4 c5 4. d5 Qb6 5. Nd2 Qxb2 6. Nxe4 Qb4+ 7. c3 Qxe4 8. e3 g5 9.
Bg3 Bg7 10. Rc1 d6 11. Nf3 Qg6 12. h4 h6 13. h5 Qf6 14. Nd2 O-O 15. Bd3 e5 16.
dxe6 Qxe6 17. O-O Rd8 18. e4 d5 19. Re1 Nc6 20. Bc7 Rf8 21. exd5 Qxd5 22. Bc4
Qd7 23. Bg3 Na5 24. Qc2 b5 25. Bd3 Bb7 26. Bf5 Qd8 27. Ne4 Qd5 {[#]} 28. Bh7+
$1 Kh8 ({Of course, the bishop cannot be captured} 28... Kxh7 29. Nf6+ Kh8 30.
Qh7# {.}) 29. Rcd1 $1 Qc4 30. Bc7 ({Also} 30. Nd6 {wins for White, e.g.,} Qxc3
31. Re7 Bc6 32. Nxf7+ Rxf7 33. Rxf7 Qxc2 34. Bxc2 {and White has a decisive
advantage.}) 30... f5 31. Nd6 $1 {Black's awkwardly-placed pieces are no match
for White's invading trooops.} Qg4 32. Nxb7 Nxb7 33. Bg6 Qc4 34. Rd7 Nd8 ({Or} 
34... Qxc3 35. Qxc3 Bxc3 36. Be5+ Bxe5 37. Rxe5 Na5 38. Ree7 {and the rooks on
the seventh rank decide.}) 35. Ree7 {The invasion is unstopable.} Ne6 36. Rxg7
Nxg7 37. Be5 Qe6 38. Bxg7+ Kg8 39. Qd2 {Black resigned.} 1-0

[Event "49th Annual World Open"]
[Site "Philadelphia USA"]
[Date "2021.07.04"]
[Round "7"]
[White "11.6 Wang, Tianqi"]
[Black "Shetty, A."]
[Result "0-1"]
[WhiteElo "2336"]
[BlackElo "2453"]
[Annotator "Hansen"]
[PlyCount "58"]
[EventDate "2021.07.01"]
[EventType "swiss"]
[EventRounds "9"]
[EventCountry "USA"]
[SourceTitle "CL 11.2021"]
[SourceDate "2021.11.01"]
[SourceVersion "1"]
[SourceVersionDate "2021.11.01"]
[SourceQuality "1"]

{[%evp 0,58,25,18,50,36,34,-3,24,38,33,-9,15,15,23,30,43,40,30,19,34,14,16,5,
24,23,23,23,16,2,44,16,-33,2,1,-16,-16,-49,-52,-53,-9,-53,-54,-72,-59,-82,-32,
-82,-79,-56,-57,-45,-63,-171,-171,-495,-530,-530,-479,-884,-884]} 1. e4 e6 2.
d4 d5 3. Bd3 c5 4. exd5 exd5 5. c3 Nc6 6. Nf3 Nf6 7. O-O Be7 8. dxc5 Bxc5 9. h3
O-O 10. Nbd2 Re8 11. Nb3 Bb6 12. Re1 Ne4 13. Be3 Bc7 14. Nbd4 Qf6 15. Bf1 a6
16. g3 Na5 17. Qc2 Bd7 18. Bg2 Nc4 19. Bc1 Rad8 20. Rd1 h6 21. Qd3 Bb8 22. Qf1
Re7 23. Rd3 Rde8 24. b3 Ncd6 25. Bb2 {[#]} Ba7 $1 ({A clever move that sets up
long-range threats against White's kingside. However, also note that Black can
play} 25... Nxf2 $1 {, for example,} 26. Qxf2 ({or} 26. Kxf2 Ne4+ 27. Kg1 Nxg3
28. Qf2 Qg6 29. Rad1 Ne2+ 30. Kh1 Nf4 {and White will not be able to defend
for long}) 26... Ne4 27. Qc2 Nxg3 28. Rd2 Ba7 29. Rf2 Re2 $1 {and White's
defensive ranks are rapidly collapsing.}) 26. Rc1 Bb5 $1 {The point behind the
previous move: White will have to open the diagonal for the bishop on a7 to
avoid losing material.} 27. Nxb5 Bxf2+ 28. Kh2 Bxg3+ 29. Kg1 Bf2+ {and,
standing to lose the queen, White resigned.} 0-1

[Event "49th Annual World Open"]
[Site "Philadelphia USA"]
[Date "2021.07.02"]
[Round "3.4"]
[White "11.7 Chandran, Kapil"]
[Black "Theodorou, Nikolas"]
[Result "0-1"]
[WhiteElo "2383"]
[BlackElo "2584"]
[Annotator "Hansen"]
[PlyCount "72"]
[EventDate "2021.07.01"]
[EventType "swiss"]
[EventRounds "9"]
[EventCountry "USA"]
[SourceTitle "CL 11.2021"]
[SourceDate "2021.11.01"]
[SourceVersion "1"]
[SourceVersionDate "2021.11.01"]
[SourceQuality "1"]

{[%evp 0,72,28,23,27,6,42,41,40,40,40,34,31,34,38,38,51,15,48,59,51,50,87,76,
78,83,76,51,90,94,90,101,125,83,83,88,143,98,88,81,103,54,116,80,81,43,186,193,
630,202,311,320,493,467,420,354,332,252,291,233,198,-705,233,-243,-259,-495,
-703,-29991,-29992,-29993,-29994,-29995,-29996,-29997,-29998]} 1. d4 Nf6 2. c4
g6 3. Nc3 Bg7 4. e4 d6 5. Nf3 O-O 6. Be2 b6 7. O-O e5 8. Be3 Nc6 9. d5 Ne7 10.
Ne1 h5 11. f3 Nh7 12. b4 f5 13. c5 f4 14. Bf2 g5 15. a4 a6 16. cxb6 cxb6 17.
Nd3 Rf6 18. Nb2 Rg6 19. Nc4 Rb8 20. a5 bxa5 21. bxa5 g4 22. Bb6 Qf8 23. Bc7 g3
24. Nxd6 Bd7 25. Bxb8 Qf6 26. Nf5 Nxf5 27. exf5 Qh4 28. h3 Bxf5 29. Bd3 {[#]}
Bxh3 $1 {Black has already sacrificed a rook and this sacrifice is necessary
to break through to White's king. However, this is not the only thing Black
needed to have calculated.} 30. Ra2 (30. gxh3 Qxh3 31. Qd2 e4 $1 ({but not} 
31... g2 $4 32. Bxg6 {and White is winning}) 32. Ba7 ({if} 32. Qg2 {then} Bd4+
{wins for Black}) 32... g2 33. Rfb1 e3 $1 ({or} 33... Qh1+ 34. Kf2 Qh2 35. Rg1
Qg3+ 36. Ke2 Qxf3+ 37. Ke1 exd3 {and Black is winning}) 34. Bxe3 Ng5 $3 35.
Bxg6 Nxf3+ 36. Kf2 Nxd2 37. Rb8+ Bf8 38. Bxd2 Qh2 39. Rg1 Qg3+ 40. Ke2 f3+ {
and Black wins.}) 30... e4 {Opening up for the bishop on g7.} 31. Bxe4 ({Also} 
31. Ba7 Ng5 32. Re1 Bxg2 33. Rxg2 Nxf3+ {wins for Black.}) 31... Bd7 {
Threatening mate on h2.} 32. Rff2 Bxc3 33. Bxg6 Qh2+ 34. Kf1 Bb5+ 35. Bd3 Bxd3+
36. Qxd3 Qh1+ {and facing mate on the next move, White resigned.} 0-1

[Event "49th Annual World Open"]
[Site "Philadelphia USA"]
[Date "2021.07.01"]
[Round "1"]
[White "11.8 Cordova, E."]
[Black "Kropff, R."]
[Result "1-0"]
[WhiteElo "2581"]
[BlackElo "2156"]
[Annotator "Hansen"]
[PlyCount "51"]
[EventDate "2021.07.01"]
[EventType "swiss"]
[EventRounds "9"]
[EventCountry "USA"]
[SourceTitle "CL 11.2021"]
[SourceDate "2021.11.01"]
[SourceVersion "1"]
[SourceVersionDate "2021.11.01"]
[SourceQuality "1"]

{[%evp 0,65,27,25,27,27,27,2,12,6,23,7,20,11,25,23,25,14,23,4,0,21,36,-4,-19,
-39,-30,-26,4,21,24,-38,50,30,40,-27,-37,-6,-15,-15,-7,1,50,50,146,10,22,36,39,
44,56,48,48,44,43,43,173,160,206,212,407,412,583,595,631,635,629,633]} 1. d4
Nf6 2. Nf3 d5 3. c4 e6 4. e3 c5 5. a3 cxd4 6. exd4 Be7 7. Nc3 O-O 8. Bd3 dxc4
9. Bxc4 Nc6 10. O-O b6 11. Qd3 Bb7 12. Ba2 Rc8 13. Re1 Qd6 14. Bg5 Rfd8 15.
Rad1 h6 16. Bh4 Nh5 17. Nb5 Qb8 18. Bb1 g6 {[#]} 19. Bg3 $3 {At first glance,
this may not look like anything special, but its purpose is to remove a key
defender from the black kingside: the h5-knight.} Nxg3 ({If} 19... Nf4 {then}
20. Qe3 Bg5 21. Nxg5 ({or} 21. Be4 Rd7 22. Nxg5 hxg5 23. h4) 21... hxg5 22. h4
Nd5 23. Qxg5 {and White is winning.}) 20. hxg3 Bf6 ({Also} 20... Bf8 {is met by
} 21. Rxe6 $1 Ne7 22. Ne5 fxe6 23. Nxg6 Nxg6 ({or} 23... Nf5 24. g4 Rc5 25.
gxf5 Rxf5 26. Nh4 {and White is winning}) 24. Qxg6+ Bg7 25. Qxe6+ Kh8 26. Qg6
Kg8 27. Qh7+ Kf8 28. Ba2 Bd5 29. Qf5+ {and it is curtains for Black.}) 21. Rxe6
$1 Kg7 ({Black cannot capture the rook, for instance,} 21... fxe6 22. Qxg6+ Bg7
23. Qxe6+ Kh8 ({or} 23... Kf8 24. Ba2) 24. Qg6 Kg8 25. Ba2+ Rd5 26. Bxd5+ {
and it is over.}) 22. d5 $1 ({The game continued less accurately:} 22. Re4 $2
Ne7 23. Rxe7 Bxe7 24. Ne5 Qxe5 25. dxe5 Rxd3 26. Bxd3 Rc5 27. f4 f6 $4 ({after
} 27... a5 {, White's win would have been far from a certainty}) 28. b4 Rd5 29.
Nc7 Rd7 30. exf6+ Kxf6 31. Ne8+ Ke6 32. Bc4+ Bd5 33. Bxd5+ {and Black resigned.
}) 22... Rxd5 ({Or} 22... Ba6 23. Rxf6 Kxf6 24. d6 Bxb5 25. Qc3+ Ke6 26. Ba2+
Kd7 27. Qf6 {and White is winning.}) 23. Qxd5 Ne5 24. Qd6 Bxf3 25. gxf3 fxe6
26. Qxe6 {and White has a winning position.} 1-0

[Event "14th Philadelphia Int"]
[Site "Philadelphia USA"]
[Date "2021.06.27"]
[Round "3"]
[White "11.9 Maiti, Milind"]
[Black "Jacobson, Brandon"]
[Result "0-1"]
[WhiteElo "2068"]
[BlackElo "2491"]
[Annotator "Hansen"]
[PlyCount "62"]
[EventDate "2021.06.26"]
[EventType "swiss"]
[EventRounds "9"]
[EventCountry "USA"]
[SourceTitle "CL 11.2021"]
[SourceDate "2021.11.01"]
[SourceVersion "1"]
[SourceVersionDate "2021.11.01"]
[SourceQuality "1"]

{[%evp 0,62,25,25,17,-11,-11,-11,60,56,50,78,82,79,95,76,89,48,57,44,325,40,68,
68,91,0,-20,-3,7,-5,0,-63,-81,-39,-101,-113,-85,-94,-97,-99,-108,-133,-174,
-182,-111,-308,-294,-374,-435,-442,-450,-456,-288,-296,-296,-345,-357,-356,
-368,-29971,-29982,-29983,-29984,-29985,-29986]} 1. d4 Nf6 2. c4 e6 3. Nc3 c5
4. d5 exd5 5. cxd5 d6 6. Nf3 g6 7. Bf4 Bg7 8. Qa4+ Bd7 9. Qb3 O-O 10. e4 Re8
11. Nd2 Na6 12. Bxa6 bxa6 13. O-O Bb5 14. Nxb5 axb5 15. Qxb5 Nxe4 16. Nc4 Bd4
17. Be3 Bxe3 18. Nxe3 {[#]} Nxf2 $3 ({Black forces the white king forward. The
alternative was} 18... Rb8 19. Qe2 Nf6 {when Black has the better chances but
White can defend.}) 19. Kxf2 Qf6+ 20. Ke2 Qg5 $1 21. Qd3 Rab8 $1 {Introducing
another attacker to the party.} 22. Kf3 ({If} 22. b3 {then} Rb4 $1 {and White
cannot stop Black's heavy attackers, for instance,} 23. Rae1 Rd4 $1 24. Qc3
Qxg2+ 25. Rf2 Qh3 26. Rg1 f5 27. Rg3 Qh5+ 28. Rgf3 f4 {and it is soon over for
White.}) 22... Rxb2 23. Rab1 Rxe3+ $1 24. Qxe3 Qxg2+ 25. Kf4 Rb4+ {Not the
only move to win, but the text move forces a won endgame on the board.} ({After
} 25... Qxh2+ 26. Kf3 Qg2+ 27. Kf4 Rb4+ {, Black would have had an additional
pawn.}) 26. Rxb4 Qxf1+ 27. Kg5 Qf5+ 28. Kh4 cxb4 29. Qxa7 Qf4+ 30. Kh3 Qf3+ 31.
Kh4 h6 {and White resigned as preventing mate will cost the queen.} 0-1